Emoji-państwa! - Statystyki

Ogólne statystyki
  • Ten quiz został rozwiązany 700 razy
  • Średni wynik to 4 z 10
Statystyki odpowiedzi
Emoji Państwo % Poprawnych
🥟🍎🍒 Polska
85%
💴🌞🌸 Japonia
78%
🐻🌲🗻 Rosja
56%
⛪🔑🙏 Watykan
52%
🧀👦🏻🍟 Belgia
48%
🎻🎹🎿 Austria
38%
🕍🕌🌊 Izrael
22%
🍚🦎🐯 Indonezja
16%
🏀🍺🌳 Litwa
14%
🍇👔🛵 Chorwacja
10%
Nie znaleziono quizów pasujących do podanych kryteriów
Rozkład punktacji
Procent ludzi z każdym wynikiem
Percentyl według liczby udzielonych odpowiedzi
Twoja historia wyników
Nie rozwiązałeś tego quizu